Statistics for Countries Which Use the Euro by Picture

Click here to take the quiz!

General Stats

  • This quiz has been taken 38 times
    (14 since last reset)
  • The average score is 20 of 25

Answer Stats

Answer % Correct
Belgium
100%
Cyprus
100%
Andorra
92%
Germany
92%
Greece
92%
Italy
92%
Kosovo
92%
Austria
92%
Finland
83%
France
83%
Lithuania
83%
Netherlands
75%
Spain
75%
Slovenia
75%
Slovakia
75%
Latvia
75%
Monaco
75%
Luxembourg
75%
Ireland
75%
Estonia
75%
Montenegro
67%
Malta
67%
Portugal
67%
San Marino
67%
Vatican City
67%

Score Distribution

Percentile by Number Answered

Percent of People with Each Score

Your Score History

You have not taken this quiz since the last reset